No reino das letras felizes (Record no. 47957)

MARC details
000 -LÍDER
campo de controle de tamanho fixo 00341 a2200145 4500
001 - NÚMERO DE CONTROLE
campo de controle 47957
040 ## - FONTE DA CATALOGAÇÃO
Instituição que transcreveu o registro Anchieta - Aquarius
100 ## - ENTRADA PRINCIPAL--NOME PESSOAL
Nome pessoal Heck, Lenira Almeida
240 10 - TÍTULO UNIFORME
Título uniforme No reino das letras felizes
Idioma da obra por
245 10 - TÍTULO
Título No reino das letras felizes
300 ## - DESCRIÇÃO FÍSICA
Extensão 14
362 0# - DATAS DE PUBLICAÇÃO E/OU DESIGNAÇÃO SEQUENCIAL
Datas de publicação e/ou designação sequencial 2007
650 #4 - ASSUNTO--TERMO TÓPICO
Cabeçalho tópico ou nome geográfico Literatura infanto-juvenil
942 ## - ELEMENTOS DE ENTRADA ADICIONADOS (KOHA)
Tipo de material Koha Livros
Holdings
Situação do descarte Situação das perdas Situação física Não pode ser emprestado Biblioteca de origem Biblioteca atual Data de aquisição Total de empréstimos Número de chamada completo Código de barras Data de último acesso Data do preço efetivo Tipo de material Koha
        Colégio Anchieta - Aquarius Colégio Anchieta - Aquarius 21/11/2023   028.5 HEC NOR 7064/AQU 21/11/2023 21/11/2023 Livros